000 00474nam a2200181Ia 4500
001 44637
008 140428s9999 xx 000 0 und d
020 _aNA
040 _cPK-LaUMT
082 _aRHC 891.4394
_bHAS-A
100 _aHasan Askari, Muhammad
245 _aInsaan aur aadmi (Urdu)
_cHasan Askari, Muhammad
260 _aAligarh,India:
_bEducational Book House,
_c1976
300 _a200 p.
546 _aUR
650 _aPakistani literature-Urdu
942 _cBK
999 _c42617
_d42617